00873cam a2200229 a 450000100060000000300080000600500170001400800410003103500190007203500110009104000240010204100080012608200230013411000630015724501720022026000560039230000320044849000650048065000300054565000200057570000480059549637BD-RjUL20211209054715.0160821s19681967enk 000 0 eng d a(BD-RjUL)49756 a796755 aANLbengcANLdXNTU aeng04a361.942bCAR 1968 2 aNational Council of Social Service.bCommittee of Enquiry.10aCaring for people :bstaffing residential homes /cThe report of the Committee of Enquiry set up by the National Council of Social Service, Chairman Gertrude Williams. aLondon :bAllen and Unwin,c1967 [impression 1967]  b222 p. : aill. ; c21 cm. 0 aNational Institute for Social Work Training series ;vno. 11 0aCharitieszGreat Britain. 0aSocial service.1 aWilliams, Gertrude Rosenblum,cLady,d1897-